| 000 | 01100cas a2200253 4500 | ||
|---|---|---|---|
| 001 | L153646 | ||
| 008 | 110812s2010 eng u | ||
| 035 | _a(Sirsi) u153646 | ||
| 041 | 0 | _aeng | |
| 050 | _a333.33 $2 18 | ||
| 110 | 2 | _aDTZ | |
| 245 | 0 | 0 |
_aInvestment market update UK _h[electronic resource] |
| 260 |
_a[S.l.] _cDTZ $2 010- |
||
| 362 | 0 | _aQ4 2010- | |
| 490 | 0 | _aDTZ Investment Market Update UK | |
| 520 | _aA regular report on the UK real estate investment market including commentary, significant transactions and key data. | ||
| 554 | _aQuarterly | ||
| 650 | 2 | 4 | _aDTZ INVESTMENT MARKET UPDATE UK |
| 651 | 4 |
_aUnited Kingdom _y |
|
| 690 | _aPROPERTY-COMMERCIAL PROPERTY-COMMERCIAL PROPERTY FINANCE AND INVESTMENT | ||
| 690 | _aPROPERTY-COMMERCIAL PROPERTY-COMMERCIAL PROPERTY MARKET | ||
| 856 | 4 | 0 |
_uhttps://www.dtz.com/Global/Research?vgnLocale=en_GB _z View the report free of charge after free registration (tick Investment Market Updates box under Report Series tab, type Investment Market Update UK in the keyword box and click on search) at www.dtz.com |
| 942 | _n0 | ||
| 999 |
_c119346 _d119346 |
||